| 000 | 00919cab a22001935a 4500 | ||
|---|---|---|---|
| 001 | L146121 | ||
| 008 | 081211s2008 xxkad f s 000 0 eng d | ||
| 035 | _a(Sirsi) u146121 | ||
| 041 | 0 | _aeng | |
| 110 | 2 |
_aAsiaProperty _95571 |
|
| 245 | 0 | 0 | _aGrowing winds of recession threaten to blow away smaller Asian property developers |
| 260 | _c2008 | ||
| 490 | 0 |
_aAsia Property _vNovember 2008, 8-9(2) |
|
| 520 | _aExplains that while the downturn in Asia's property markets may not be as severe as the last crash, falling rents and a continuing shortage of debt are likely to result in consolidation among developers. Highlights the fact that weaker demand has now hit China and that Asian central banks have added liquidity to their banking systems. Table shows Asia Pacific rents index 2002-2008. | ||
| 590 | _aKA | ||
| 651 | 4 | _aAsia | |
| 690 | _aPROPERTY-COMMERCIAL PROPERTY-COMMERCIAL PROPERTY MARKET | ||
| 942 | _n0 | ||
| 999 |
_c81033 _d81033 |
||